| 000 | 01247nam0a22002771 4500 | ||
|---|---|---|---|
| 001 | rc\2200474 | ||
| 005 | 20110829165029.6 | ||
| 035 | _a(NLR Aleph) 006615554 | ||
| 090 |
_a7394551 _c7394551 |
||
| 100 | _a20110829d1978 |||y0rusy50 ca | ||
| 101 | 0 | _arus | |
| 102 | _aRU | ||
| 105 | _ay z ||||| | ||
| 200 | 1 |
_aОпыт работы экономической лаборатории треста Востокметаллургмонтаж по повышению эффективности строительного производства _fМ-во монт. и спец. строит. работ СССР. ЦБНТИ. Гл. план.-экон. упр. |
|
| 210 |
_aМосква _cБ. и. _d1978 |
||
| 215 |
_a[1], 17 с. _d20 |
||
| 225 | 1 |
_aЭкспресс-информация _iСерия "Монтажные работы" |
|
| 300 | _aВ конце текста: Р.О. Драт | ||
| 702 | 1 |
_aДрат _bР. О. _4220 |
|
| 712 | 0 | 1 |
_aСССР _bМ-во монтажных и специальных строительных работ _bГлавное планово-экон. упр. |
| 801 | 0 |
_aRU _bNLR _gpsbo |
|
| 801 | 1 |
_aRU _bELAR _2rusmarc |
|
| 852 |
_aNLR _j78-4/14266 |
||
| 899 |
_aRuMoRGB _jM 78-11/1900 |
||
| 942 | _cBOOK | ||
| 980 | _aNB | ||